000 00702nam a2200289Ia 4500
005 20260324125635.0
008 008 260324s9999 xx 000 0 eng d
020 _a9780203930298
037 _aEBOOK
040 _aCRL
040 _beng
040 _cCRL
041 _2eng
041 _aeng
084 _qCRL
100 _aSimon Pirani
_91178747
245 4 _aThe Russian Revolution in Retreat, 1920-24
245 0 _bSoviet Workers and the New Communist Elite
260 _bTaylor and Francis
260 _c2008
365 _a
365 _b290
856 _uhttp://www.taylorfrancis.com/books/9780203930298
942 _cEBOOK
999 _c1774205
_d1774205